00777nam a2200253Ia 4500008004100000020001700041040001400058082002000072100002300092245002200115260003900137300001100176365002700187366000800214505002900222530003000251620001800281630002200299650001700321730002200338942000900360999001900369952013500388100315s9999 xx 000 0 und d a8171090818  cENGLISH  b7546 a158.1  a"Zanzucchi, A.M. " aMy Role as Mother aBombay bSt Paul Press  c1994  a101   eRupees d1 b22.00  f0  gRamakant Amar Navghare  bDonated By RBI Library   aPsychology.  aMy Role as Mother aPSYCHOLOGY  aMy Role as Mother cBOOK c482281d482278 00104070aVPMBRIMSbVPMBRIMSd2009-04-07g22.00l0o158.1 /ZAN  7546 pVPMBRIMS-7546 r2010-03-19 00:00:00w2010-03-19yBOOK